000 00325nam a22001457a 4500
008 230206b ||||| |||| 00| 0 eng d
020 _a9780321783573
041 _aeng
080 _24TH EDITION
_a51
082 _a51
100 _a20
101 _aMATE
245 _aCOLLEGE ALGEBRA IN CONTEXT
_cYOCCO H
942 _2udc
_cBK
999 _c59307
_d59307